Health care co-ops in Uganda : (Record no. 8067)

MARC details
000 -LEADER
fixed length control field 01106cam a22003014a 4500
001 - CONTROL NUMBER
control field 14582054
003 - CONTROL NUMBER IDENTIFIER
control field OSt
005 - DATE AND TIME OF LATEST TRANSACTION
control field 20230124102852.0
008 - FIXED-LENGTH DATA ELEMENTS--GENERAL INFORMATION
fixed length control field 061004s2007 caua 000 0 eng
010 ## - LIBRARY OF CONGRESS CONTROL NUMBER
LC control number 2006935873
020 ## - INTERNATIONAL STANDARD BOOK NUMBER
International Standard Book Number 9780977046317 (pbk. : alk. paper)
040 ## - CATALOGING SOURCE
Original cataloging agency DLC
Transcribing agency DLC
Modifying agency DLC
043 ## - GEOGRAPHIC AREA CODE
Geographic area code f-ug---
050 00 - LIBRARY OF CONGRESS CALL NUMBER
Classification number RA771.7.U33
Item number H35 2007
082 00 - DEWEY DECIMAL CLASSIFICATION NUMBER
Classification number W84H167h 2007
Edition number 22
100 1# - MAIN ENTRY--PERSONAL NAME
Personal name Halvorson, George C.
9 (RLIN) 16422
245 10 - TITLE STATEMENT
Title Health care co-ops in Uganda :
Remainder of title effectively launching micro health groups in African villages /
Statement of responsibility, etc. George C. Halvorson.
260 ## - PUBLICATION, DISTRIBUTION, ETC. (IMPRINT)
Place of publication, distribution, etc. Oakland, Calif. :
Name of publisher, distributor, etc. Permanente Press,
Date of publication, distribution, etc. 2007.
300 ## - PHYSICAL DESCRIPTION
Extent 175 p. :
Other physical details ill. ;
Dimensions 22 cm.
500 ## - GENERAL NOTE
General note Includes index.
650 #0 - SUBJECT ADDED ENTRY--TOPICAL TERM
Topical term or geographic name as entry element Community health services
Geographic subdivision Uganda.
9 (RLIN) 16423
650 #0 - SUBJECT ADDED ENTRY--TOPICAL TERM
Topical term or geographic name as entry element Rural health services
Geographic subdivision Uganda.
9 (RLIN) 16424
856 41 - ELECTRONIC LOCATION AND ACCESS
Materials specified Table of contents only
Uniform Resource Identifier http://www.loc.gov/catdir/toc/fy0709/2006935873.html
906 ## - LOCAL DATA ELEMENT F, LDF (RLIN)
a 7
b cbc
c orignew
d 2
e epcn
f 20
g y-gencatlg
942 ## - ADDED ENTRY ELEMENTS (KOHA)
Source of classification or shelving scheme Other/Generic Classification Scheme
Koha item type Open Shelf
Holdings
Withdrawn status Lost status Source of classification or shelving scheme Damaged status Not for loan Home library Current library Date acquired Source of acquisition Inventory number Total Checkouts Full call number Barcode Date last seen Price effective from Koha item type
    Dewey Decimal Classification     MUST Main Library MUST Main Library 24/01/2023 Purchase 09/32018   W84H167h 2007 2023-0046 24/01/2023 24/01/2023 Open Shelf
    Dewey Decimal Classification     MUST Main Library MUST Main Library 24/01/2023 Purchase 09/32007   W84H167h 2007 2023-0047 24/01/2023 24/01/2023 Open Shelf
    Dewey Decimal Classification     MUST Main Library MUST Main Library 24/01/2023 Purchase 09/32008   W84H167h 2007 2023-0048 24/01/2023 24/01/2023 Open Shelf
    Dewey Decimal Classification     MUST Main Library MUST Main Library 24/01/2023 Purchase 09/32011   W84H167h 2007 2023-0049 24/01/2023 24/01/2023 Open Shelf
    Dewey Decimal Classification     MUST Main Library MUST Main Library 24/01/2023 Purchase 09/32015   W84H167h 2007 2023-0050 24/01/2023 24/01/2023 Open Shelf
    Dewey Decimal Classification     MUST Main Library MUST Main Library 24/01/2023 Purchase 09/32004   W84H167h 2007 2023-0051 24/01/2023 24/01/2023 Open Shelf
    Dewey Decimal Classification     MUST Main Library MUST Main Library 24/01/2023 Purchase 09/32017   W84H167h 2007 2023-0052 24/01/2023 24/01/2023 Open Shelf
    Dewey Decimal Classification     MUST Main Library MUST Main Library 24/01/2023 Purchase 09/32016   W84H167h 2007 2023-0053 24/01/2023 24/01/2023 Open Shelf
    Dewey Decimal Classification     MUST Main Library MUST Main Library 24/01/2023 Purchase 09/32014   W84H167h 2007 2023-0054 24/01/2023 24/01/2023 Open Shelf
    Dewey Decimal Classification     MUST Main Library MUST Main Library 24/01/2023 Purchase 09/32019   W84H167h 2007 2023-0055 24/01/2023 24/01/2023 Open Shelf
    Dewey Decimal Classification     MUST Main Library MUST Main Library 24/01/2023 Purchase 09/32012   W84H167h 2007 2023-0056 24/01/2023 24/01/2023 Open Shelf
    Dewey Decimal Classification     MUST Main Library MUST Main Library 24/01/2023 Purchase 09/32009   W84H167h 2007 2023-0057 24/01/2023 24/01/2023 Open Shelf
    Dewey Decimal Classification     MUST Main Library MUST Main Library 24/01/2023 Purchase 09/32013   W84H167h 2007 2023-0058 24/01/2023 24/01/2023 Open Shelf
    Dewey Decimal Classification     MUST Main Library MUST Main Library 24/01/2023 Purchase 09/32010   W84H167h 2007 2023-0059 24/01/2023 24/01/2023 Open Shelf
    Dewey Decimal Classification     MUST Main Library MUST Main Library 24/01/2023 Purchase 09/32020   W84H167h 2007 2023-0060 24/01/2023 24/01/2023 Open Shelf
    Dewey Decimal Classification     MUST Main Library MUST Main Library 24/01/2023 Purchase 09/32002   W84H167h 2007 2023-0061 24/01/2023 24/01/2023 Open Shelf
    Dewey Decimal Classification     MUST Main Library MUST Main Library 27/06/2024 Purchase 2009/32003   W84H167h 2007 2024-21496 27/06/2024 27/06/2024 Open Shelf